Visita del Ministro de Educación i Turismo al Berguedán y al Pantano de Sau
Publicado:
San Jorge, núm. 85 (1r trimestre 1972), pàg 69 :
MARC
| LEADER | 00000nam a2200000Ia 4500 | ||
|---|---|---|---|
| 003 | AGDB | ||
| 005 | 20260324175945.0 | ||
| 008 | 160829s9999 xx 000 0 cat d | ||
| 245 | |a Visita del Ministro de Educación i Turismo al Berguedán y al Pantano de Sau | ||
| 260 | |a San Jorge, núm. 85 (1r trimestre 1972), pàg 69 | ||
| 650 | |a Sánchez Bella, Alfredo |9 42382 | ||
| 650 | |a Sau, Pantà de |9 42383 | ||
| 650 | |a Mare de Déu de Queralt |9 42385 | ||
| 651 | 0 | |a Berguedà (Catalunya) |9 71626 | |
| 901 | |a Arxiu | ||
| 942 | |n 1 |2 udc |c ARXIU | ||
| 952 | |0 0 |1 0 |4 0 |7 1 |9 50820 |a Arxiu |b Arxiu |d 2016-12-01 |l 0 |r 2016-12-01 00:00:00 |w 2016-12-01 |y ARXIU | ||
| 999 | |c 54662 |d 54662 | ||